Arsenal - Tous les Joueurs (2015-2026) - Statistiques

Statistiques générales
  • Ce quiz a été pris 667 fois
    68 depuis la dernière actualisation
  • Le résultat moyen est 53 sur 89
Statistiques - réponses
Matchs Période Nationalité Joueur % Correct
103 2022- Brésil Gabriel Jesus
100%
216 2021- Norvège Martin Odegaard
100%
289 2018- Angleterre Bukayo Saka
98%
230 2020- Brésil Gabriel Magalhaes
98%
91 2022-2025 Ukraine Oleksandr Zinchenko
98%
156 2019- France William Saliba
98%
297 2016-2023 Suisse Granit Xhaka
96%
122 2023- Espagne David Raya
94%
163 2018-2022 Gabon Pierre-Emerick Aubameyang
94%
166 2014-2018 Chili Alexis Sanchez
91%
247 2019- Brésil Gabriel Martinelli
91%
88 2023- Allemagne Kai Havertz
91%
206 2017-2022 France Alexandre Lacazette
89%
77 2023- Pays-Bas Jurriën Timber
89%
147 2023- Belgique Leandro Trossard
89%
23 2025- Suède Viktor Gyökeres
89%
369 2008-2019 Pays de Galles Aaron Ramsey
87%
172 2021- Angleterre Ben White
87%
130 2023- Angleterre Declan Rice
87%
253 2012-2018 France Olivier Giroud
87%
353 2010-2019 France Laurent Koscielny
83%
49 2024- Italie Riccardo Calafiori
83%
167 2020-2025 Ghana Thomas Partey
81%
254 2013-2021 Allemagne Mesut Özil
79%
139 2015-2019 Tchéquie Petr Cech
79%
25 2025- Espagne Martín Zubimendi
77%
72 2024- Espagne Mikel Merino
77%
161 2016-2024 Égypte Mohamed Elneny
74%
112 2019-2023 Côte d'Ivoire Nicolas Pépé
72%
89 2021-2024 Angleterre Aaron Ramsdale
70%
84 2021-2025 Japon Takehiro Tomiyasu
70%
144 2019-2025 Écosse Kieran Tierney
68%
221 2011-2018 Allemagne Per Mertesacker
68%
59 2018-2020 Arménie Henrikh Mkhitaryan
66%
79 2023-2025 Italie Jorginho
66%
60 2024- Angleterre Myles Lewis-Skelly
64%
15 2025- Angleterre Noni Madueke
64%
69 2018-2021 Grèce Sokratis Papastathopoulos
64%
397 2006-2018 Angleterre Theo Walcott
64%
22 2025- Angleterre Eberechi Eze
62%
150 2011-2016 Espagne Mikel Arteta
62%
15 2025- Équateur Piero Hincapié
62%
68 2023-2025 Pologne Jakub Kiwior
60%
28 2024-2025 Angleterre Raheem Sterling
60%
118 2017-2022 Bosnie-Herzégovine Sead Kolasinac
60%
16 2025- Espagne Cristhian Mosquera
57%
73 2019-2021 Brésil David Luiz
57%
89 2018-2022 Uruguay Lucas Torreira
57%
151 2016-2021 Allemagne Shkodran Mustafi
57%
246 2006-2016 Tchéquie Tomas Rosicky
57%
149 2015-2019 Nigéria Alex Iwobi
55%
239 2013-2022 Espagne Héctor Bellerin
55%
180 2012-2018 Espagne Santi Cazorla
55%
251 2013-2019 Espagne Nacho Monreal
53%
198 2011-2017 Angleterre Alex Oxlade-Chamberlain
51%
125 2018-2022 Allemagne Bernd Leno
51%
10 2025- Danemark Christian Norgaard
51%
38 2012-2020 Argentine Emiliano Martinez
51%
197 2008-2018 Angleterre Jack Wilshere
51%
50 2024- Angleterre Ethan Nwaneri
49%
49 2022-2025 Portugal Fabio Vieira
49%
70 2014-2019 Colombie David Ospina
47%
180 2006-2015 France Abou Diaby
45%
40 2011-2018 Costa Rica Joel Campbell
45%
82 2018-2022 France Mattéo Guendouzi
45%
181 2009-2017 Pologne Wojciech Szczesny
45%
246 2013-2016 France Mathieu Flamini
43%
37 2020-2021 Brésil Willian
43%
229 2007-2017 Angleterre Kieran Gibbs
40%
30 2014-2018 France Mathieu Debuchy
36%
162 2016-2023 Angleterre Rob Holding
36%
64 2020-2024 Portugal Cédric Soares
34%
126 2014-2019 Angleterre Danny Welbeck
32%
39 2021-2025 Belgique Albert Sambi Lokonga
30%
122 2014-2022 Angleterre Calum Chambers
30%
115 2018-2024 Angleterre Emile Smith-Rowe
30%
160 2008-2018 France Francis Coquelin
30%
132 2014-2023 Angleterre Ainsley Maitland-Niles
28%
77 2019-2021 Espagne Dani Ceballos
28%
28 2021-2025 Portugal Nuno Tavares
28%
168 2017-2024 Angleterre Eddie Nketiah
23%
90 2017-2025 Angleterre Reiss Nelson
23%
10 2020-2023 États-Unis Folarin Balogun
21%
64 2015-2017 Brésil Gabriel Paulista
17%
78 2017-2021 Angleterre Joe Willock
17%
22 2020-2023 Espagne Pablo Mari
17%
21 2016-2018 Espagne Lucas Pérez
15%
70 2011-2019 Angleterre Carl Jenkinson
11%
12 2013-2018 Angleterre Chuba Akpom
4%
Aucun quiz correspondant
Distribution des résultats
% des personnes avec chaque résultat
Percentile par nombre de réponses
Votre historique - résultats
Vous n’avez pas pris ce quiz depuis la dernière actualisation